000 01387nam a2200289Ia 4500
001 C9485
003 IT-RoPAU
008 130308s9999 xx 000 0 und d
040 _aIT-RoPAU
040 _cIT-RoPAU
041 _aITALIANO
100 _aBarth Fredrik
100 _gCodice Aut. SPICS: 43030
245 _aGruppi etnici e i loro confini (I)
245 _bQuestioni di Etnicita'
250 _a1a ed.
260 _aTORINO
260 _bRosenberg & Sellier
260 _c1994 [1° Ed.:1994 - Ed.Ling.Originale:1994]
300 _a"39 p. (prefazione: no ; testo: 39 [pagine: 33-71])"
500 _aDefinizioni del gruppo Etnico. gruppi Etnici Come Unità Portatrici di Cultura, Come Tipi di Organizzazione. Confine dei gruppi Etnici. sistemi Sociali Polietnici. Associazioni di Identità e Standard di Valore. interdipendenza dei gruppi Etnici. Prospettiva Ecologica e Demografica. Fattori di cambiamento di Identità. Persistenza dei Confini Culturali. Identità Etnica Ebeni Tangibili. gruppi Etnici e Stratificazione. Problema della Variazione. Minoranze, Paria e Carattersitiche Organizzative della Periferia. contatto Culturale e Cambiamento. Variazioni Nello Sviluppo delle relazioni Etniche. gruppi Etnici ed Evoluzione Culturale.
650 _aSAGGI DI ANTROPOLOGIA
650 _eCodice materia Spics: 3507
942 _cBK
957 _71
999 _c78847
_d78847
999 _g1